El desarrollo económico de Costa Rica: sector agropecuario de la economía costarricense /
Guardado en:
| Institution som forfatter: | |
|---|---|
| Format: | Texto |
| Tags: |
Tilføj Tag
Ingen Tags, Vær først til at tagge denne postø!
|
MARC
| LEADER | 00000 a a2200000 04500 | ||
|---|---|---|---|
| 001 | 42853 | ||
| 003 | |||
| 040 | |||
| 110 | |a Proyecto de Investigación del Desarrollo Económico de Costa Rica | ||
| 245 | |a El desarrollo económico de Costa Rica: |b sector agropecuario de la economía costarricense / |c Proyecto de Investigación del Desarrollo Económico de Costa Rica | ||
| 500 | |a Fecha de publicación 1959 | ||
| 773 | |g volumen1, número3, 111 páginas : tablas, gráficos, mapas | ||
| 999 | |c 21561 |d 21561 | ||
